[Event "St Petersburg White Nights op"]
[Site "St Petersburg"]
[Date "2012.06.10"]
[Round "9"]
[White "Manin, Viktor L"]
[Black "Kazakevich, Grigoriy"]
[Result "1-0"]
[WhiteElo "2208"]
[BlackElo "2066"]
[PlyCount "55"]
[EventDate "2012.06.02"]
[EventType "swiss"]
[EventRounds "9"]
[EventCountry "RUS"]
[SourceTitle "CBM 148 Extra"]
[Source "ChessBase"]
[SourceDate "2012.06.22"]
[SourceVersion "1"]
[SourceVersionDate "2012.06.22"]
[SourceQuality "1"]

1. d4 Nf6 2. g3 d6 3. Bg2 g6 4. e4 c6 5. Ne2 Bg7 6. 0-0 0-0 7. Nd2 e5 8. c3 Qc7 9. Qc2 Nbd7 10. b3 Re8 11. Ba3 c5 12. d5 Nf8 13. Rae1 g5 14. Bc1 Ng6 15. Nc4 h6 16. f4 gxf4 17. gxf4 Nh5 18. f5 Nf8 19. Qd3 Nf6 20. Qh3 Kh7 21. Bf3 N8d7 22. Kh1 Rg8 23. Rg1 b5 24. Ne3 Bf8 25. Ng3 Qa5 26. Bh5 Rg7 27. Ng4 Nxg4 28. Bxg4 1-0

[Event "St Petersburg White Nights op"]
[Site "St Petersburg"]
[Date "2012.06.07"]
[Round "6"]
[White "Kazakevich, Grigoriy"]
[Black "Ljubarov, Mark"]
[Result "0-1"]
[WhiteElo "2066"]
[BlackElo "2135"]
[PlyCount "164"]
[EventDate "2012.06.02"]
[EventType "swiss"]
[EventRounds "9"]
[EventCountry "RUS"]
[SourceTitle "CBM 148 Extra"]
[Source "ChessBase"]
[SourceDate "2012.06.22"]
[SourceVersion "1"]
[SourceVersionDate "2012.06.22"]
[SourceQuality "1"]

1. e4 e5 2. Nf3 Nc6 3. Bb5 a6 4. Ba4 Nf6 5. 0-0 Be7 6. Re1 b5 7. Bb3 d6 8. c3 0-0 9. h3 Nb8 10. d4 Nbd7 11. Nbd2 Bb7 12. Bc2 Re8 13. Nf1 Bf8 14. Ng3 g6 15. Nh2 c5 16. dxc5 dxc5 17. Ng4 Nxg4 18. hxg4 c4 19. Qe2 Qc7 20. Be3 Rad8 21. Red1 Nc5 22. Bg5 Be7 23. Bxe7 Qxe7 24. Nf1 Kg7 25. f3 Ne6 26. g3 Qc5+ 27. Qe3 a5 28. Qxc5 Nxc5 29. Ne3 a4 30. a3 Kf6 31. Kf2 Ke6 32. Rxd8 Rxd8 33. Rd1 Rxd1 34. Nxd1 Nd7 35. Ke3 Nf6 36. Nf2 h5 37. g5 Nh7 38. f4 f6 39. Nh3 Bc8 40. gxf6 Kxf6 41. fxe5+ Kxe5 42. Nf4 Nf8 43. Bd1 Be6 44. Bf3 Bf7 45. Ne2 Be8 46. Nf4 Nd7 47. Nh3 Nc5 48. Ng5 Kf6 49. Nh7+ Ke5 50. Ng5 Kf6 51. Nh7+ Kg7 52. Ng5 Kh6 53. Nh3 g5 54. Be2 Ne6 55. Ng1 g4 56. Bf1 Kg5 57. Ne2 h4 58. gxh4+ Kxh4 59. Nf4 Ng5 60. e5 Bd7 61. Bg2 Ne6 62. Nxe6 Bxe6 63. Kf4 g3 64. Ke3 Bd7 65. Kf4 Bh3 66. Kf3 Be6 67. Kf4 Bd7 68. Ke3 Kg4 69. Kd4 Kf4 70. Kd5 Ke3 71. e6 Be8 72. Kd6 Kf2 73. Ke7 Bh5 74. Bc6 g2 75. Bxg2 Kxg2 76. Kd8 Kf2 77. e7 Ke2 78. e8Q+ Bxe8 79. Kxe8 Kd2 80. Kd7 Kc2 81. Kc6 Kxb2 82. Kxb5 Kb3 0-1

[Event "St Petersburg White Nights op"]
[Site "St Petersburg"]
[Date "2011.06.12"]
[Round "6"]
[White "Kazakevich, Grigoriy"]
[Black "Khatenever, Feliks"]
[Result "1/2-1/2"]
[WhiteElo "2112"]
[BlackElo "1842"]
[PlyCount "42"]
[EventDate "2011.06.07"]
[EventType "swiss"]
[EventRounds "9"]
[EventCountry "RUS"]
[SourceTitle "EXT 2012"]
[Source "ChessBase"]
[SourceDate "2011.11.24"]
[SourceVersion "1"]
[SourceVersionDate "2011.11.24"]
[SourceQuality "1"]

1. e4 c5 2. Nf3 g6 3. Bc4 Bg7 4. 0-0 d6 5. c3 Nf6 6. Re1 0-0 7. d4 Nc6 8. d5 Ne5 9. Nxe5 dxe5 10. f3 Ne8 11. Be3 Nd6 12. Bf1 Qc7 13. c4 Bd7 14. Nc3 a6 15. a4 b6 16. Qd2 f5 17. Rec1 f4 18. Bf2 g5 19. a5 bxa5 20. Na4 Nb7 21. Qc3 Kh8 1/2-1/2

[Event "St Petersburg White Nights op"]
[Site "St Petersburg"]
[Date "2010.06.24"]
[Round "9"]
[White "Kazakevich, Grigoriy"]
[Black "Bazeev, German"]
[Result "0-1"]
[WhiteElo "2142"]
[BlackElo "2313"]
[PlyCount "142"]
[EventDate "2010.06.16"]
[EventType "swiss"]
[EventRounds "9"]
[EventCountry "RUS"]
[SourceTitle "EXT 2011"]
[Source "ChessBase"]
[SourceDate "2010.11.26"]
[SourceVersion "1"]
[SourceVersionDate "2010.11.26"]
[SourceQuality "1"]

1. e4 c5 2. Nf3 d6 3. d4 cxd4 4. Nxd4 Nf6 5. Nc3 Nc6 6. Be2 e5 7. Nb3 Be7 8. 0-0 0-0 9. Be3 a5 10. a3 Be6 11. f3 a4 12. Nd2 Nd4 13. Bd3 Qc7 14. Nxa4 Rxa4 15. c3 Nxf3+ 16. gxf3 Raa8 17. c4 Nh5 18. Re1 Nf4 19. Qb3 Bh4 20. Rec1 Qe7 21. Kh1 Nh3 22. Bf1 Nf4 23. Bd3 Qf6 24. Rg1 b5 25. Bxf4 Qxf4 26. Qd1 Bf2 27. Rg2 Bd4 28. Nb3 Bxb2 29. Rxb2 bxc4 30. Nc1 cxd3 31. Qxd3 d5 32. Ne2 Qf6 33. exd5 Bf5 34. Qd2 Bg6 35. Kg2 e4 36. f4 e3 37. Qd4 Be4+ 38. Kf1 Qf5 39. Qxe3 Bxd5 40. Nd4 Qh5 41. Qg3 Rfe8 42. Re1 Rxe1+ 43. Kxe1 Re8+ 44. Re2 Rxe2+ 45. Nxe2 Qf5 46. Qc3 h6 47. Kd2 Be4 48. Qe5 Qd7+ 49. Qd4 Qc6 50. Nc3 Bg6 51. a4 Qg2+ 52. Ne2 Bh5 53. Qe5 Qxh2 54. Qe8+ Kh7 55. Qe4+ g6 56. Qe7 g5 57. Qe4+ Bg6 58. f5 Bh5 59. Qe7 Qf2 60. Qe3 Qxf5 61. Qd3 Qxd3+ 62. Kxd3 Bf3 63. a5 Bb7 64. Nd4 h5 65. Nb3 h4 66. Nc5 Bc6 67. Ne4 Kg6 68. Nf2 f5 69. Kd4 Kf6 70. a6 g4 71. Kc5 Ba8 0-1

[Event "St Petersburg White Nights op"]
[Site "St Petersburg"]
[Date "2010.06.22"]
[Round "7"]
[White "Kazakevich, Grigoriy"]
[Black "Chuprova, Irina"]
[Result "1/2-1/2"]
[WhiteElo "2142"]
[BlackElo "1698"]
[PlyCount "102"]
[EventDate "2010.06.16"]
[EventType "swiss"]
[EventRounds "9"]
[EventCountry "RUS"]
[SourceTitle "EXT 2011"]
[Source "ChessBase"]
[SourceDate "2010.11.26"]
[SourceVersion "1"]
[SourceVersionDate "2010.11.26"]
[SourceQuality "1"]

1. e4 c5 2. Nf3 d6 3. d4 Nf6 4. Nc3 cxd4 5. Nxd4 g6 6. Be3 Bg7 7. Be2 0-0 8. Qd2 Ng4 9. Bxg4 Bxg4 10. 0-0 Nc6 11. f3 Bd7 12. Rad1 a6 13. a4 Rc8 14. Nxc6 bxc6 15. Bd4 Bxd4+ 16. Qxd4 Be6 17. Rf2 Rb8 18. b3 a5 19. e5 d5 20. Qc5 Bd7 21. Rfd2 Qb6 22. Qxb6 Rxb6 23. Ne4 Bc8 24. Nc5 Be6 25. Kf2 Rfb8 26. Ke3 Rc8 27. g4 Kg7 28. Kf2 g5 29. Rd4 Rg8 30. h3 Rbb8 31. Re1 Rh8 32. Kg3 h5 33. Rf1 hxg4 34. Nxe6+ fxe6 35. Rxg4 Rh5 36. f4 Kh6 37. Rxg5 Rxg5+ 38. fxg5+ Kxg5 39. Rf4 c5 40. h4+ Kh5 41. Kh3 Rg8 42. Rf7 Re8 43. Rg7 Kh6 44. Rf7 Kh5 45. Rf3 Rg8 46. Rf7 Re8 47. Rg7 Kh6 48. Rg3 Kh5 49. Rg5+ Kh6 50. Kg4 Rb8 51. Kg3 Rf8 1/2-1/2

[Event "St Petersburg White Nights op"]
[Site "St Petersburg"]
[Date "2010.06.18"]
[Round "3"]
[White "Kazakevich, Grigoriy"]
[Black "Mukha, Aleksey"]
[Result "1/2-1/2"]
[WhiteElo "2142"]
[BlackElo "1928"]
[PlyCount "147"]
[EventDate "2010.06.16"]
[EventType "swiss"]
[EventRounds "9"]
[EventCountry "RUS"]
[SourceTitle "EXT 2011"]
[Source "ChessBase"]
[SourceDate "2010.11.26"]
[SourceVersion "1"]
[SourceVersionDate "2010.11.26"]
[SourceQuality "1"]

1. e4 c5 2. Nf3 Nc6 3. d4 cxd4 4. Nxd4 Nf6 5. Nc3 e5 6. Ndb5 d6 7. Bg5 a6 8. Na3 b5 9. Nd5 Be7 10. Nxe7 Nxe7 11. Bxf6 gxf6 12. Qd2 d5 13. Rd1 Bb7 14. exd5 Qxd5 15. Qxd5 Nxd5 16. c4 Nf4 17. cxb5 Nxg2+ 18. Bxg2 Bxg2 19. Rg1 Bf3 20. Rd6 Ke7 21. Rd3 e4 22. Rxf3 exf3 23. Rg3 axb5 24. Rxf3 b4 25. Nc4 Rxa2 26. Rb3 Rb8 27. Ke2 Ke6 28. Kd3 Kd5 29. Ne3+ Kc5 30. Kc2 Ra1 31. Rd3 b3+ 32. Kc3 Rc1+ 33. Kd2 Rh1 34. Rd5+ Kc6 35. Rh5 Rd8+ 36. Kc3 Rc1+ 37. Kxb3 Rb8+ 38. Ka2 Ra8+ 39. Kb3 Rb8+ 40. Ka2 Rc5 41. Rh6 Rcb5 42. Rxf6+ Kc5 43. Nd1 R8b7 44. Kb1 Kd4 45. Rd6+ Rd5 46. Rh6 f5 47. Nc3 Rd8 48. Kc2 Rdb8 49. Rh4+ Ke5 50. Nd1 f4 51. Rh3 Kf5 52. Rd3 Rb6 53. f3 Re6 54. Rd2 Rbe8 55. Nc3 Re3 56. Rf2 R8e5 57. Ne4 Rd5 58. Nd2 Rdd3 59. Rg2 h5 60. h4 Rd5 61. Rf2 Rd6 62. Ne4 Rc6+ 63. Nc3 Ke5 64. Kd2 Rcxc3 65. bxc3 Kd5 66. Rg2 Rxf3 67. Rg5+ Kc4 68. Ke2 Rxc3 69. Rxh5 Rh3 70. Kf2 Kd4 71. Rh8 Ke4 72. Re8+ Kf5 73. Rf8+ Kg4 74. Rg8+ 1/2-1/2

[Event "Peterhof op 08"]
[Site "Peterhof"]
[Date "2009.08.08"]
[Round "6"]
[White "Lagashin, Pavel"]
[Black "Kazakevich, Grigoriy"]
[Result "1/2-1/2"]
[WhiteElo "2093"]
[BlackElo "2148"]
[PlyCount "113"]
[EventDate "2009.08.03"]
[EventType "swiss"]
[EventRounds "9"]
[EventCountry "RUS"]
[SourceTitle "EXT 2010"]
[Source "ChessBase"]
[SourceDate "2010.11.25"]
[SourceVersion "1"]
[SourceVersionDate "2010.11.25"]
[SourceQuality "1"]

1. d4 d6 2. Nf3 g6 3. g3 Bg7 4. Bg2 c6 5. 0-0 Nf6 6. b3 0-0 7. Bb2 Nbd7 8. c4 Qc7 9. Qd2 e5 10. dxe5 dxe5 11. Nc3 Nc5 12. Qe3 Nfd7 13. b4 Ne6 14. Ne4 f5 15. Neg5 Nxg5 16. Nxg5 Re8 17. c5 Nf8 18. Rfd1 Ne6 19. Rd6 Nxg5 20. Qxg5 e4 21. Bf6 Bxf6 22. Qxf6 Qg7 23. Qxg7+ Kxg7 24. e3 Be6 25. Rad1 Re7 26. a3 a5 27. Bf1 axb4 28. axb4 Bd5 29. b5 Kf7 30. h3 Ke8 31. g4 Rd7 32. Rxd7 Kxd7 33. gxf5 gxf5 34. Kg2 Ke6 35. b6 Ke5 36. Kg3 Ra3 37. Kh4 Ra5 38. Rb1 Be6 39. Rc1 Ra2 40. Kg5 Rxf2 41. Kh6 f4 42. exf4+ Kxf4 43. Kxh7 Bxh3 44. Bxh3 Rh2 45. Rf1+ Kg3 46. Rg1+ Kxh3 47. Rg7 e3 48. Rxb7 Kg3+ 49. Kg8 Rb2 50. Re7 e2 51. Kf8 Kf2 52. Ke8 Rb5 53. Rf7+ Ke3 54. Re7+ Kd2 55. Rd7+ Kc3 56. Re7 Kd2 57. Kd7 1/2-1/2

[Event "Peterhof op 08"]
[Site "Peterhof"]
[Date "2009.08.07"]
[Round "5"]
[White "Kazakevich, Grigoriy"]
[Black "Kosarev, Dmitry"]
[Result "1/2-1/2"]
[WhiteElo "2148"]
[BlackElo "2231"]
[PlyCount "85"]
[EventDate "2009.08.03"]
[EventType "swiss"]
[EventRounds "9"]
[EventCountry "RUS"]
[SourceTitle "EXT 2010"]
[Source "ChessBase"]
[SourceDate "2010.11.25"]
[SourceVersion "1"]
[SourceVersionDate "2010.11.25"]
[SourceQuality "1"]

1. e4 c5 2. Nf3 e6 3. d4 cxd4 4. Nxd4 a6 5. c4 Nf6 6. Nc3 d6 7. Be2 Be7 8. 0-0 Qc7 9. Be3 b6 10. Rc1 Bb7 11. f3 0-0 12. Qd2 Nbd7 13. Rfd1 Rac8 14. Nc2 Rfe8 15. Ne1 Qb8 16. b3 Bd8 17. Bf4 Ne5 18. Nd3 Ng6 19. Bg3 Bc7 20. Nf4 Ne5 21. Nd3 Nh5 22. Bf2 d5 23. Nxe5 Bxe5 24. g3 dxe4 25. Nxe4 Bxe4 26. fxe4 Nf6 27. Bf3 Red8 28. Qe3 Nd7 29. Rc2 Bc7 30. Rcd2 Ne5 31. Rxd8+ Rxd8 32. Rxd8+ Qxd8 33. Be2 Qd7 34. Qd4 Qxd4 35. Bxd4 Nd7 36. Kf2 Bd6 37. Ke3 Kf8 38. Kd3 a5 39. Kc2 Ba3 40. e5 Bc5 41. Kd3 Ke7 42. Bf3 Nb8 43. Bxc5+ 1/2-1/2

[Event "St Petersburg White Nights op"]
[Site "St Petersburg"]
[Date "2009.06.14"]
[Round "6"]
[White "Karasev, Vladimir I"]
[Black "Kazakevich, Grigoriy"]
[Result "1-0"]
[WhiteElo "2375"]
[BlackElo "2140"]
[PlyCount "53"]
[EventDate "2009.06.09"]
[EventType "swiss"]
[EventRounds "9"]
[EventCountry "RUS"]
[SourceTitle "EXT 2011"]
[Source "ChessBase"]
[SourceDate "2010.11.26"]
[SourceVersion "1"]
[SourceVersionDate "2010.11.26"]
[SourceQuality "1"]

1. e4 d6 2. d4 g6 3. Nc3 Bg7 4. Nf3 Bg4 5. Bc4 Nf6 6. e5 dxe5 7. Bxf7+ Kf8 8. Bb3 Bxf3 9. Qxf3 exd4 10. Ne4 Nbd7 11. Ng5 Nc5 12. Nf7 Qc8 13. Nxh8 Nxb3 14. Nxg6+ hxg6 15. axb3 Qe6+ 16. Qe2 Qxe2+ 17. Kxe2 e5 18. Ra5 Nd7 19. h4 c5 20. h5 gxh5 21. Rxh5 a6 22. Bh6 Kf7 23. Bxg7 Kxg7 24. Ra1 Re8 25. Rah1 Nf6 26. Rg5+ Kf7 27. Rh6 1-0

[Event "St Petersburg op"]
[Site "St Petersburg"]
[Date "2009.01.10"]
[Round "8"]
[White "Kazakevich, Grigoriy"]
[Black "Belov, Mikhail"]
[Result "1-0"]
[WhiteElo "2140"]
[BlackElo "2025"]
[PlyCount "114"]
[EventDate "2009.01.03"]
[EventType "swiss"]
[EventRounds "9"]
[EventCountry "RUS"]
[SourceTitle "EXT 2010"]
[Source "ChessBase"]
[SourceDate "2010.11.25"]
[SourceVersion "1"]
[SourceVersionDate "2010.11.25"]
[SourceQuality "1"]

1. e4 c6 2. d4 d5 3. Nc3 h6 4. Nf3 Bg4 5. h3 Bh5 6. exd5 cxd5 7. g4 Bg6 8. Bb5+ Nc6 9. Ne5 Rc8 10. Nxg6 fxg6 11. Qf3 Nf6 12. g5 hxg5 13. Bxg5 Ne4 14. Bd2 Nxd2 15. Kxd2 Qb6 16. Qd3 Kf7 17. Nxd5 Qxd4 18. Qxd4 Nxd4 19. Bd3 Rh5 20. c3 Rd8 21. cxd4 e6 22. Rac1 Rdxd5 23. Rc7+ Kf6 24. Rg1 g5 25. Rg4 Rxh3 26. Rxb7 Bc5 27. Bf1 Rh2 28. Ke3 Bb6 29. Bc4 Rh3+ 30. f3 Rf5 31. Be2 e5 32. Ke4 exd4 33. Rf7+ Kxf7 34. Kxf5 Rh2 35. Bc4+ Ke8 36. Kxg5 Bd8+ 37. Kf5 Bf6 38. b4 Rc2 39. Bb3 Re2 40. f4 Re3 41. Rg1 d3 42. Rd1 Bc3 43. b5 d2 44. Rb1 Ke7 45. Bc2 Kd6 46. b6 axb6 47. Rxb6+ Kc5 48. Rb1 Re1 49. Bd1 Kc4 50. Kg4 Bb2 51. Bb3+ Kc3 52. Rd1 Re3 53. f5 Kd3 54. Kf4 Bc3 55. Rg1 Ke2 56. Rd1 Rf3+ 57. Kg5 Bd4 1-0

[Event "St Petersburg op"]
[Site "St Petersburg"]
[Date "2009.01.08"]
[Round "6"]
[White "Kazakevich, Grigoriy"]
[Black "Khamidulin, Viacheslav"]
[Result "1-0"]
[WhiteElo "2140"]
[BlackElo "2195"]
[PlyCount "99"]
[EventDate "2009.01.03"]
[EventType "swiss"]
[EventRounds "9"]
[EventCountry "RUS"]
[SourceTitle "EXT 2010"]
[Source "ChessBase"]
[SourceDate "2010.11.25"]
[SourceVersion "1"]
[SourceVersionDate "2010.11.25"]
[SourceQuality "1"]

1. e4 g6 2. d4 Bg7 3. Nc3 d6 4. Nf3 Nf6 5. h3 0-0 6. Be3 c6 7. Qd2 b5 8. Bd3 Qa5 9. 0-0 e5 10. a3 Nbd7 11. Rfd1 Bb7 12. dxe5 dxe5 13. Nd5 Qxd2 14. Nxf6+ Nxf6 15. Nxd2 Rfd8 16. Nb3 Bc8 17. Nc5 Bd7 18. a4 Be8 19. a5 a6 20. c3 Bf8 21. Bc2 Rxd1+ 22. Rxd1 Be7 23. f3 Kg7 24. g4 h6 25. h4 Nh7 26. Bf2 g5 27. h5 Nf8 28. Nb7 Ne6 29. Bb3 Nf4 30. Bc5 Bf6 31. Nd6 Bd7 32. Bxf7 Be6 33. Bxe6 Nxe6 34. Nf5+ Kh8 35. Rd6 Nxc5 36. Rxf6 Nb3 37. Rxh6+ Kg8 38. Ne7+ Kg7 39. Rg6+ Kh7 40. Nxc6 Nd2 41. Rf6 Nc4 42. b3 Nd2 43. b4 Rc8 44. Nxe5 Rxc3 45. Rxa6 Rb3 46. Ra7+ Kg8 47. h6 Nxf3+ 48. Nxf3 Rxf3 49. Rg7+ Kh8 50. Rxg5 1-0

[Event "St Petersburg Nov op"]
[Site "St Petersburg"]
[Date "2008.11.09"]
[Round "9"]
[White "Kazakevich, Grigoriy"]
[Black "Golovankov, Vladimir"]
[Result "0-1"]
[WhiteElo "2151"]
[BlackElo "2293"]
[PlyCount "86"]
[EventDate "2008.11.01"]
[EventType "swiss"]
[EventRounds "9"]
[EventCountry "RUS"]
[SourceTitle "EXT 2010"]
[Source "ChessBase"]
[SourceDate "2010.11.25"]
[SourceVersion "1"]
[SourceVersionDate "2010.11.25"]
[SourceQuality "1"]

1. e4 d6 2. d4 Nf6 3. Nc3 Nbd7 4. Nf3 e5 5. h3 Be7 6. Be3 0-0 7. Be2 c6 8. dxe5 dxe5 9. 0-0 b5 10. a3 Qc7 11. Bd3 a6 12. a4 Bb7 13. Nd2 Nc5 14. Nb3 Ne6 15. axb5 axb5 16. Rxa8 Rxa8 17. Ne2 Rd8 18. Qe1 c5 19. Bxb5 Bxe4 20. Bc4 Nd4 21. Bxd4 cxd4 22. Bd3 Bg6 23. Ng3 Nd5 24. Qa5 Qb8 25. Bxg6 hxg6 26. Ra1 f5 27. Qa7 d3 28. c4 Qxb3 29. cxd5 Bf6 30. Nf1 Qxd5 31. b4 e4 32. Rb1 Bd4 33. Qa6 Rd6 34. Qa4 f4 35. Qd1 Bxf2+ 36. Kxf2 Qd4+ 37. Ke1 e3 38. Qb3+ Kh7 39. Qb2 d2+ 40. Kd1 Qd3 41. Nxd2 Qf1+ 42. Kc2 Rxd2+ 43. Kc3 Qd3# 0-1

[Event "St Petersburg Nov op"]
[Site "St Petersburg"]
[Date "2008.11.06"]
[Round "6"]
[White "Kazakevich, Grigoriy"]
[Black "Chernenko, Ilya"]
[Result "0-1"]
[WhiteElo "2151"]
[BlackElo "2056"]
[PlyCount "84"]
[EventDate "2008.11.01"]
[EventType "swiss"]
[EventRounds "9"]
[EventCountry "RUS"]
[SourceTitle "EXT 2010"]
[Source "ChessBase"]
[SourceDate "2010.11.25"]
[SourceVersion "1"]
[SourceVersionDate "2010.11.25"]
[SourceQuality "1"]

1. e4 e6 2. d4 d5 3. Nd2 c5 4. Ngf3 Nf6 5. exd5 Qxd5 6. Bb5+ Bd7 7. c4 Qh5 8. Bxd7+ Nbxd7 9. 0-0 Bd6 10. Nb3 Rd8 11. h3 0-0 12. Be3 cxd4 13. Nbxd4 Ne5 14. Nxe5 Qxe5 15. Nf3 Qxb2 16. Qa4 Qa3 17. Qxa3 Bxa3 18. Bxa7 Rc8 19. Rab1 Rxc4 20. Rxb7 Nd5 21. Bd4 f6 22. Ra7 Bb4 23. a3 Bd6 24. Ra6 Rd8 25. g3 e5 26. Ba1 Nc7 27. Ra5 Bc5 28. Rb1 e4 29. Nh2 Rd2 30. Ng4 h5 31. Ne3 Bxe3 32. fxe3 Rcc2 33. Rxh5 Ne6 34. h4 Nc5 35. Bd4 Rg2+ 36. Kh1 Nd3 37. Rf5 Rxg3 38. Rbf1 Rh3+ 39. Kg1 Rhh2 40. Rb1 Rcg2+ 41. Kf1 Rg3 42. Rb8+ Kh7 0-1

[Event "St Petersburg June op"]
[Site "St Petersburg"]
[Date "2008.06.25"]
[Round "5"]
[White "Kazakevich, Grigoriy"]
[Black "Androsov, Sergey"]
[Result "1/2-1/2"]
[WhiteElo "2155"]
[BlackElo "2097"]
[PlyCount "76"]
[EventDate "2008.06.21"]
[EventType "swiss"]
[EventRounds "9"]
[EventCountry "RUS"]
[SourceTitle "CBM 125 Extra"]
[Source "ChessBase"]
[SourceDate "2008.09.01"]
[SourceVersion "1"]
[SourceVersionDate "2008.09.01"]
[SourceQuality "1"]

1. e4 e5 2. Nf3 Nc6 3. Bb5 a6 4. Ba4 Nf6 5. d4 exd4 6. 0-0 Be7 7. Re1 0-0 8. e5 Ne8 9. c3 d6 10. Bxc6 bxc6 11. Nxd4 Bd7 12. Qf3 dxe5 13. Nxc6 Bxc6 14. Qxc6 Bd6 15. Nd2 Nf6 16. Nc4 Qe8 17. Qxe8 Rfxe8 18. Bg5 Nd7 19. Rad1 Re6 20. Rd5 Nb6 21. Nxb6 cxb6 22. Red1 Bf8 23. Kf1 h6 24. Rd8 Rxd8 25. Bxd8 b5 26. Rd7 Rd6 27. Rxd6 Bxd6 28. f3 Kf8 29. Ke2 Ke8 30. Bh4 Kd7 31. Kd3 Ke6 32. h3 Bc5 33. g4 g6 34. Be1 h5 35. b3 hxg4 36. hxg4 f5 37. gxf5+ gxf5 38. Bd2 Kd5 1/2-1/2

[Event "St Petersburg June op"]
[Site "St Petersburg"]
[Date "2008.06.21"]
[Round "1"]
[White "Kazakevich, Grigoriy"]
[Black "Melnikov, Nikolay"]
[Result "1-0"]
[WhiteElo "2155"]
[BlackElo "1853"]
[PlyCount "123"]
[EventDate "2008.06.21"]
[EventType "swiss"]
[EventRounds "9"]
[EventCountry "RUS"]
[SourceTitle "CBM 125 Extra"]
[Source "ChessBase"]
[SourceDate "2008.09.01"]
[SourceVersion "1"]
[SourceVersionDate "2008.09.01"]
[SourceQuality "1"]

1. e4 e5 2. Nf3 Nf6 3. Nxe5 d6 4. Nf3 Nxe4 5. Qe2 Qe7 6. d3 Nf6 7. Bg5 Nbd7 8. Nc3 Qxe2+ 9. Bxe2 h6 10. Bh4 g6 11. 0-0-0 Bg7 12. Nd2 c6 13. Nde4 Nxe4 14. Nxe4 d5 15. Nd6+ Kf8 16. Rhe1 Be5 17. Bg3 Bxg3 18. hxg3 Nf6 19. Bf3 b6 20. Nxc8 Rxc8 21. d4 Re8 22. Rxe8+ Kxe8 23. Rd3 Kd7 24. Ra3 Ra8 25. Kd2 Ne4+ 26. Bxe4 dxe4 27. g4 f5 28. gxf5 gxf5 29. Rg3 Re8 30. Ke3 Kd6 31. Kf4 Kd5 32. c3 c5 33. dxc5 bxc5 34. Rg7 a5 35. Rf7 a4 36. Rxf5+ Kc4 37. b3+ axb3 38. axb3+ Kxc3 39. Rxc5+ Kxb3 40. Re5 Rf8+ 41. Ke3 Kc4 42. Rxe4+ Kd5 43. f4 Rg8 44. Re5+ Kd6 45. Kf3 Ra8 46. g3 Rg8 47. Re1 Rg7 48. g4 Kd5 49. f5 h5 50. gxh5 Rg5 51. Kf4 Rxh5 52. Rd1+ Kc6 53. Ke5 Rh2 54. Ke6 Re2+ 55. Kf7 Rf2 56. f6 Rf3 57. Ke7 Re3+ 58. Kf8 Rf3 59. f7 Rg3 60. Rd4 Rg5 61. Ke7 Kc5 62. Rf4 1-0

[Event "St Petersburg March op"]
[Site "St Petersburg"]
[Date "2008.03.30"]
[Round "9"]
[White "Kazakevich, Grigoriy"]
[Black "Airumian, Sergei"]
[Result "1-0"]
[WhiteElo "2155"]
[BlackElo "2060"]
[PlyCount "30"]
[EventDate "2008.03.22"]
[EventType "swiss"]
[EventRounds "9"]
[EventCountry "RUS"]
[SourceTitle "EXT 2010"]
[Source "ChessBase"]
[SourceDate "2010.11.25"]
[SourceVersion "1"]
[SourceVersionDate "2010.11.25"]
[SourceQuality "1"]

1. e4 c5 2. Nf3 e6 3. d4 cxd4 4. Nxd4 Nf6 5. Nc3 d6 6. Be2 Be7 7. 0-0 Nc6 8. Be3 0-0 9. f4 Qc7 10. Qe1 Nxd4 11. Bxd4 e5 12. Be3 d5 13. exd5 e4 14. Rd1 a6 15. Kh1 b5 1-0

[Event "St Petersburg March op"]
[Site "St Petersburg"]
[Date "2008.03.29"]
[Round "8"]
[White "Donskov, Anatoly"]
[Black "Kazakevich, Grigoriy"]
[Result "1/2-1/2"]
[WhiteElo "2066"]
[BlackElo "2155"]
[PlyCount "124"]
[EventDate "2008.03.22"]
[EventType "swiss"]
[EventRounds "9"]
[EventCountry "RUS"]
[SourceTitle "EXT 2010"]
[Source "ChessBase"]
[SourceDate "2010.11.25"]
[SourceVersion "1"]
[SourceVersionDate "2010.11.25"]
[SourceQuality "1"]

1. e4 g6 2. d4 d6 3. Nc3 Bg7 4. f4 Nf6 5. Nf3 0-0 6. Bd3 Nc6 7. 0-0 Bg4 8. Be3 e5 9. dxe5 dxe5 10. h3 exf4 11. Bxf4 Bxf3 12. Qxf3 Nh5 13. Nd5 Nxf4 14. Qxf4 Ne5 15. Rad1 c6 16. Ne3 Qe7 17. b3 Rad8 18. Ng4 Rd6 19. Kh1 Nxd3 20. Rxd3 Re6 21. e5 Bxe5 22. Nxe5 Rxe5 23. Rfd1 Re1+ 24. Kh2 Rxd1 25. Rxd1 Re8 26. a4 a5 27. Qd6 Qxd6+ 28. Rxd6 Re6 29. Rd7 b6 30. Kg3 Kg7 31. Kf3 h5 32. h4 Kf6 33. g3 c5 34. Kf4 Rc6 35. c4 Ke6 36. Rb7 Rd6 37. Ke4 f5+ 38. Kf4 Kf6 39. Rb8 Re6 40. Rb7 Rd6 41. Rb8 Rd4+ 42. Ke3 Re4+ 43. Kf3 Re6 44. Kf4 Rd6 45. Rb7 Ke6 46. Rg7 Rd4+ 47. Ke3 Rg4 48. Kf3 Kd6 49. Rb7 Kc6 50. Rg7 Kd6 51. Rb7 Ke5 52. Rxb6 f4 53. gxf4+ Rxf4+ 54. Kg3 Rg4+ 55. Kh3 Kd4 56. Rb5 Re4 57. Kg3 Re3+ 58. Kf4 Rh3 59. Kg5 Rg3+ 60. Kf6 Kc3 61. Rxc5 Kxb3 62. Rxa5 Kxc4 1/2-1/2

[Event "St Petersburg March op"]
[Site "St Petersburg"]
[Date "2008.03.27"]
[Round "6"]
[White "Alekseenko, Kirill"]
[Black "Kazakevich, Grigoriy"]
[Result "1/2-1/2"]
[WhiteElo "2061"]
[BlackElo "2155"]
[PlyCount "99"]
[EventDate "2008.03.22"]
[EventType "swiss"]
[EventRounds "9"]
[EventCountry "RUS"]
[SourceTitle "EXT 2010"]
[Source "ChessBase"]
[SourceDate "2010.11.25"]
[SourceVersion "1"]
[SourceVersionDate "2010.11.25"]
[SourceQuality "1"]

1. e4 g6 2. d4 d6 3. Nf3 Bg7 4. Bc4 Nf6 5. Qe2 0-0 6. 0-0 c6 7. Rd1 d5 8. exd5 cxd5 9. Bb3 Bg4 10. h3 Bxf3 11. Qxf3 Nc6 12. c3 Rc8 13. Bg5 e6 14. Qf4 Qc7 15. Qxc7 Rxc7 16. Bf4 Rcc8 17. Nd2 a6 18. Nf3 Rfd8 19. Ne5 Nxe5 20. Bxe5 Ne4 21. Bf4 g5 22. Be3 h6 23. f3 Nd6 24. Bf2 Nc4 25. Rab1 b5 26. h4 Bf6 27. Kh2 Kg7 28. Kh3 Rh8 29. Re1 gxh4 30. Bxh4 Bxh4 31. Kxh4 Kf6 32. Re2 Rcg8 33. Rf1 Nd6 34. Bc2 h5 35. g3 Rg5 36. Bd3 Rhg8 37. Rg2 Nf5+ 38. Bxf5 exf5 39. a4 f4 40. axb5 axb5 41. Ra1 Rxg3 42. Ra6+ Ke7 43. Re2+ Kf8 44. Re5 R8g6 45. Rxg6 fxg6 46. Rxd5 Kg7 47. Rd8 Kh6 48. Rh8+ Kg7 49. Rd8 Rxf3 50. Kg5 1/2-1/2

[Event "St Petersburg op U18"]
[Site "St Petersburg"]
[Date "2008.01.10"]
[Round "6"]
[White "Belenkaya, Dina"]
[Black "Kazakevich, Grigoriy"]
[Result "0-1"]
[WhiteElo "1922"]
[BlackElo "2155"]
[PlyCount "50"]
[EventDate "2008.01.05"]
[EventType "swiss"]
[EventRounds "9"]
[EventCountry "RUS"]
[SourceTitle "CBM 122 Extra"]
[Source "ChessBase"]
[SourceDate "2008.03.04"]
[SourceVersion "1"]
[SourceVersionDate "2008.03.04"]
[SourceQuality "1"]

1. e4 c6 2. d4 d5 3. Nc3 dxe4 4. Nxe4 Nf6 5. Nxf6+ exf6 6. Nf3 Bd6 7. Bd3 0-0 8. 0-0 Nd7 9. c4 c5 10. Qc2 h6 11. Be3 Qc7 12. h3 a6 13. Bf5 Re8 14. Rad1 Nf8 15. dxc5 Bxc5 16. Bxc5 Qxc5 17. Rd5 Bxf5 18. Rxf5 Qc7 19. Rd1 Ne6 20. Rdd5 Re7 21. g3 Rae8 22. Qd3 Nc5 23. Qd4 Ne6 24. Qc3 Ng5 25. b4 Ne4 0-1